Т. 2; Справочник технолога-машиностроителя

Podrobná bibliografie
Parent link:Справочник технолога-машиностроителя: в 2 т./ под ред. А. С. Васильева , А. А. Кутина. Т. 2.— 6-е изд., перераб. и доп..— , 2018.— 978-5-6040281-8-6
Shrnutí:Во 2-м томе приведены сведения о металлорежущих станках и инструментах, станочных приспособлениях, режимах резания, методах и средствах измерения, обработке поверхностей пластическим деформированием, электрофизикохимическим методам обработки и технологии сборки. Также дан технико-экономический расчет вариантов технологических процессов. Шестое издание (5-е изд. 2003 г. под ред. А.Г. Косиловой. Р. К. Мещерякова и др.) переработано и дополнено в соответствии с новыми достижениямии технологической науки и практики и действующими стандартами. Для инженерно-технических работников всех отраслей машиностроения, может быть полезен преподавателям, аспирантам и студентам вузов.
Jazyk:ruština
Vydáno: 2018
Témata:
Médium: MixedMaterials Kniha
KOHA link:https://koha.lib.tpu.ru/cgi-bin/koha/opac-detail.pl?biblionumber=341458

MARC

LEADER 00000nam2a2200000 4500
001 341458
005 20231102005339.0
010 |a 9785604028179 
035 |a (RuTPU)RU\TPU\book\369467 
090 |a 341458 
100 |a 20181001d2018 km y0rusy50 ca 
101 0 |a rus 
102 |a RU 
105 |a a g 001zy 
200 0 |a Т. 2 
210 |d 2018 
215 |a 818 с.  |c ил. 
320 |a Библиография в конце глав 
330 |a Во 2-м томе приведены сведения о металлорежущих станках и инструментах, станочных приспособлениях, режимах резания, методах и средствах измерения, обработке поверхностей пластическим деформированием, электрофизикохимическим методам обработки и технологии сборки. Также дан технико-экономический расчет вариантов технологических процессов. Шестое издание (5-е изд. 2003 г. под ред. А.Г. Косиловой. Р. К. Мещерякова и др.) переработано и дополнено в соответствии с новыми достижениямии технологической науки и практики и действующими стандартами. Для инженерно-технических работников всех отраслей машиностроения, может быть полезен преподавателям, аспирантам и студентам вузов. 
461 1 |0 (RuTPU)RU\TPU\book\360842  |y 978-5-6040281-8-6  |t Справочник технолога-машиностроителя  |o в 2 т.  |f под ред. А. С. Васильева , А. А. Кутина  |v Т. 2  |e 6-е изд., перераб. и доп.  |d 2018 
606 1 |a Технология машиностроения  |2 stltpush  |3 (RuTPU)RU\TPU\subj\60151  |9 77640 
610 1 |a технологическое оборудование 
610 1 |a металлорежущие инструменты 
610 1 |a станочные приспособления 
610 1 |a режимы резания 
610 1 |a смазочно-охлаждающие технологические среды 
610 1 |a обработка 
610 1 |a электрофизические методы 
610 1 |a электрохимические методы 
610 1 |a поверхностное пластическое деформирование 
610 1 |a контроль 
610 1 |a средства измерения 
610 1 |a производство 
610 1 |a сборка 
610 1 |a технико-экономические расчеты 
610 1 |a справочники 
675 |a 621.002(035)  |v 4 
801 1 |a RU  |b 63413507  |c 20181001 
801 2 |a RU  |b 63413507  |c 20190902  |g RCR 
942 |c BK 
959 |a 7/20190619  |d 1  |e 7700,00  |f УФ:1